LEADER 03703oam 2200697Mn 450 001 9910799995303321 005 20230808210915.0 010 $a1-315-43171-8 010 $a1-315-43172-6 010 $a1-315-43173-4 010 $a1-59874-757-6 024 3 $a9781315431734 035 $a(CKB)2560000000052493 035 $a(EBL)677777 035 $a(OCoLC)711747369 035 $a(SSID)ssj0000483529 035 $a(PQKBManifestationID)12203068 035 $a(PQKBTitleCode)TC0000483529 035 $a(PQKBWorkID)10529329 035 $a(PQKB)10464445 035 $a(MiAaPQ)EBC677777 035 $a(OCoLC)1055366385 035 $a(OCoLC-P)1055366385 035 $a(FlBoTFG)9781315431734 035 $a(EXLCZ)992560000000052493 100 $a20160809j20160616 ky 0 101 0 $aeng 135 $aur|n||||||||| 181 $ctxt 182 $cc 183 $acr 200 00$aConsuming Ancient Egypt 210 $aNew York $cRoutledge$dJune 2016$aFlorence $cTaylor & Francis Group [distributor] 215 $a1 online resource (264 p.) 225 1 $aEncounters With Ancient Egypt 300 $aDescription based upon print version of record. 311 $a1-138-40434-9 311 $a1-59874-203-5 327 $aSeries Editor's Foreword; Contents; Contirbutors; List of Figures; 1. Introduction - Tea with a Mummy: the consumer's View of Egypt's Immemorial Appeal; 2. 'Mummymania' for the Masses - is Egyptology Cursed by the Mummy's Curse?; 3. How to Stage Aida; 4. Vicent Lleo's Operetta: La Corte de Faraon; 5. Egypt in Hollywood: Pharaohs of the Fifties; 6. Lost in Time and Space: Ancient Egypt in Museums; 7. 'Acquisitions of the British Museum, 1998'; 8. Selling Egypt: Encounters at Kahn el-Khalili; 9. Egypt's Past Regenerated by its Own People; 10. What do Tourists Learn of Egypt? 327 $a11. 'Wonderful Things': Publishing Egypt in Word and Image12. Hijaking Images: Ancient Egypt in French Commercial Advertising; 13. Alternative Egypts; 14. Ancient Egypt on the Small Screen - from Fact to Faction in the UK; References; Index 330 8 $aAnnotation$bConsuming Ancient Egypt examines the influence of Ancient Egypt on the everyday lives of contemporary people, of all ages, throughout the world. It looks at the Egypt tourist sees, Egypt in film and Egypt as the inspiration for opera. It asks why so many books are published each year on Egyptological subjects at all levels, from the austerely academic to the riotous celebrations of Egypt as a land of mystery, enchantment and fantasy. It then considers the ways in which Ancient Egypt interacts with the living world, in architecture, museum going, the acquisition of souvenirs and reproductions, design, and the perpetual appeal of the mummy. The significance of Egypt as an adjunct to (and frequently the subject of) marketing in the consumer society is examined. It reveals much about Egypt's immemorial appeal and the psychology of those who succumb to its magic. 410 0$aEncounters With Ancient Egypt 606 $aCivilization -- Egyptian influences 606 $aEgypt -- Antiquities 606 $aEgypt -- Civilization -- To 332 B.C 606 $aEgyptology 607 $aEgypt$xCivilization$yTo 332 B.C 615 4$aCivilization -- Egyptian influences. 615 4$aEgypt -- Antiquities. 615 4$aEgypt -- Civilization -- To 332 B.C. 615 4$aEgyptology. 676 $a932 676 $a932.01 22 702 $aMacDonald$b Sally$4edt 702 $aRice$b Michael$4edt 801 0$bOCoLC-P 801 1$bOCoLC-P 906 $aBOOK 912 $a9910799995303321 996 $aConsuming Ancient Egypt$93875251 997 $aUNINA LEADER 02946nam 2200445 450 001 9910824163303321 005 20230814230140.0 010 $a85-9513-138-4 035 $a(CKB)4100000007167169 035 $a(MiAaPQ)EBC6375573 035 $a(Au-PeEL)EBL6375573 035 $a(OCoLC)1202479280 035 $a(EXLCZ)994100000007167169 100 $a20220521d2018 uy 0 101 0 $aeng 135 $aurcnu|||||||| 181 $ctxt$2rdacontent 182 $cc$2rdamedia 183 $acr$2rdacarrier 200 10$aAutomating software tests using selenium /$fHugo Peres 210 1$a[Place of publication not identified] :$cSimplissimo,$d[2018] 210 4$d©2018 215 $a1 online resource (68 pages) 327 $aIntro -- 1.      CONCEPT FOUNDATIONS AND SOFTWARE TESTING -- 1.1 SOFTWARE QUALITY -- 1.1.1 SOFTWARE QUALITY -- 1.1.2 THE SOFTWARE QUALITY DILEMMA -- 1.1.3 QUALITY COST -- 1.1.4 HOW TO ACHIEVE QUALITY? -- 1.2 SOFTWARE TEST -- 1.2.1.      TEST PROCESS -- 1.2.2.      TEST ENVIRONMENT -- 1.2.3.      TESTING TECHNIQUES -- 2. WELCOME TO THE AUTOMATION ERA -- 2.1. SOFTWARE TEST INNOVATION -- 2.2 AUTOMATION TESTS -- 2.3 MANUAL TESTS VERSUS AUTOMATION TESTS -- 2.4. PRINCIPLES OF TEST AUTOMATION -- 2.5. AUTOMATION QUESTIONS -- 3. EXPLORING SELENIUM RESOURCES -- 3.1 SELENIUM -- 3.1.1 WHY USE SELENIUM? -- 3.1.2 PLUG-INS -- 3.2. SELENIUM IDE -- 3.2.1. CREATING TEST SCRIPTS -- 3.2.3. EXECUTION OF TEST SCRIPTS -- 3.2.4. EXPORTING TEST SCRIPTS -- 3.3. SELENIUM REMOTE CONTROL -- 3.3.1 EXECUTION OF CROSS-BROWSER TESTS -- 3.4 SELENIUM WEBDRIVER -- 3.4.1. CONFIGURATION OF THE TEST PROJECT -- 3.4.2 STRUCTURE OF THE CLASS OF TEST JUNIT -- 3.4.3. TEST RUN -- 3.5 SELENIUM GRID -- 3.5.1. CONFIGURATION OF THE TEST PROJECT -- 3.5.6 STRUCTURE OF THE TESTNG TEST CLASS -- 3.5.7. XML FILE STRUCTURE -- 3.5.8. CONFIGURING THE NETWORK -- 3.5.9. EXECUTION OF TESTS -- 4. AGAINST BUGS THERE ARE NO ARGUMENTS -- 4.2. TEST ENVIRONMENT -- 4.3. TOOL -- 4.4. COMPARATIVE TEST RESULTS -- 5. FINAL CONSIDERATIONS -- REFERENCES -- GLOSSARY -- ANNEXES -- APPENDICES. 330 $aAutomating Software Tests Using Selenium is a practical manual aimed at all professionals and companies in the systems area and who aim to improve the quality of their services and / or products in a simple, efficient and low cost. 606 $aSelenium (Software framework) 606 $aWeb applications$xTesting$xAutomation 606 $aApplication program interfaces (Computer software) 615 0$aSelenium (Software framework) 615 0$aWeb applications$xTesting$xAutomation. 615 0$aApplication program interfaces (Computer software) 676 $a005.1068 700 $aPeres$b Hugo$01701328 801 0$bMiAaPQ 801 1$bMiAaPQ 801 2$bMiAaPQ 906 $aBOOK 912 $a9910824163303321 996 $aAutomating software tests using selenium$94084980 997 $aUNINA LEADER 01857oam 2200457M 450 001 9910716240003321 005 20250411181503.0 035 $a(CKB)5470000002519726 035 $a(OCoLC)1065798829 035 $a(OCoLC)995470000002519726 035 $a(EXLCZ)995470000002519726 100 $a20071213d1926 ua 0 101 0 $aeng 135 $aurcn||||||||| 181 $ctxt$2rdacontent 182 $cc$2rdamedia 183 $acr$2rdacarrier 200 10$aAuthorizing an appropriation for a monument for Quannah Parker, late chief of the Comanche Indians. April 19 (calendar day, April 20), 1926. -- Ordered to be printed 210 1$a[Washington, D.C.] :$c[U.S. Government Printing Office],$d1926. 215 $a1 online resource (1 page) 225 1 $aSenate report / 69th Congress, 1st session. Senate ;$vno. 629 225 1 $a[United States congressional serial set ] ;$v[serial no. 8525] 300 $aBatch processed record: Metadata reviewed, not verified. Some fields updated by batch processes. 300 $aFDLP item number not assigned. 517 $aAuthorizing an appropriation for a monument for Quannah Parker, late chief of the Comanche Indians. April 19 606 $aMonuments 606 $aMemorials 606 $aIndians of North America$xKings and rulers 608 $aLegislative materials.$2lcgft 615 0$aMonuments. 615 0$aMemorials. 615 0$aIndians of North America$xKings and rulers. 701 $aHarreld$b John W$pRepublican (OK)$01386799 801 0$bWYU 801 1$bWYU 801 2$bOCLCO 801 2$bOCLCQ 906 $aBOOK 912 $a9910716240003321 996 $aAuthorizing an appropriation for a monument for Quannah Parker, late chief of the Comanche Indians. April 19 (calendar day, April 20), 1926. -- Ordered to be printed$93488213 997 $aUNINA